| 000 | 00525nam a22001697a 4500 | ||
|---|---|---|---|
| 003 | MACL | ||
| 005 | 20160721122048.0 | ||
| 008 | 160721b xxu||||| |||| 00| 0 eng d | ||
| 040 | _cMACL | ||
| 041 | _aHindi | ||
| 082 | _a891.433 MAH | ||
| 100 |
_aमहापात्र, शान्ति _964813 |
||
| 245 |
_aमैं कैकेयी बोलती हूॅ _cशान्ति महापात्र |
||
| 260 |
_aउडिसा _c2015 |
||
| 650 |
_aउपन्यास _964814 |
||
| 942 |
_2ddc _cHIN |
||
| 999 |
_c54535 _d54535 |
||